| 000 | 00975nmc a2200373 a 4500 | ||
|---|---|---|---|
| 003 | AR-BaBNM | ||
| 005 | 20251128203537.0 | ||
| 008 | 077119s1969 ||||||||||||||000 | spa|| | ||
| 040 | _cAR-BaBNM | ||
| 100 | 1 |
_aJauretche, Arturo _d1901-1973 |
|
| 245 | 1 | 0 | _aManual de zonceras argentinas |
| 250 | _a3ª ed. | ||
| 260 |
_aBuenos Aires _bA. Peña Lillo _c1969 |
||
| 300 | 0 |
_a259 p. _bláms. |
|
| 490 | 0 |
_aBiblioteca de estudios americanos _vv. 6 |
|
| 650 | 4 | _aLITERATURA ARGENTINA | |
| 650 | 4 | _aHISTORIA ARGENTINA | |
| 650 | 4 | _aSOCIOLOGIA CULTURAL | |
| 650 | 4 | _aSOCIOLOGIA POLITICA | |
| 650 | 4 | _aHISTORIA POLITICA | |
| 650 | 4 | _aIDENTIDAD NACIONAL | |
| 650 | 4 | _aENSAYO | |
| 650 | 4 | _aCOSTUMBRES Y TRADICIONES | |
| 650 | 4 | _aIDENTIDAD CULTURAL | |
| 650 | 4 | _aPAMPAS | |
| 650 | 4 | _aNACIONALISMO | |
| 650 | 4 | _aLIBERALISMO | |
| 650 | 4 | _aCOLONIALISMO | |
| 650 | 4 | _aIDEOLOGIAS | |
| 653 | 0 | _aGAUCHOS | |
| 655 | _aLITERATURA | ||
| 942 | _cBK | ||
| 998 | _cMARTIN | ||
| 999 |
_c3869 _d3869 |
||